MARC details
| 000 -LEADER |
| fixed length control field |
01289cam a2200373 a 4500 |
| 001 - CONTROL NUMBER |
| control field |
6083 |
| 003 - CONTROL NUMBER IDENTIFIER |
| control field |
BD-DhEWU |
| 005 - DATE AND TIME OF LATEST TRANSACTION |
| control field |
20140806212251.0 |
| 008 - FIXED-LENGTH DATA ELEMENTS--GENERAL INFORMATION |
| fixed length control field |
850409s1985 paua g b 001 0 eng d |
| 020 ## - INTERNATIONAL STANDARD BOOK NUMBER |
| International Standard Book Number |
0894620223 (pbk.) |
|
| International Standard Book Number |
9780894620225 |
| 035 ## - SYSTEM CONTROL NUMBER |
| System control number |
(OCoLC)12674172 |
| 040 ## - CATALOGING SOURCE |
| Original cataloging agency |
DLC |
| Transcribing agency |
DLC |
| Modifying agency |
DLC |
| -- |
BD-DhEWU |
| Language of cataloging |
eng |
| 041 ## - LANGUAGE CODE |
| Language code of text/sound track or separate title |
eng |
| 050 00 - LIBRARY OF CONGRESS CALL NUMBER |
| Classification number |
KF1215 |
| Item number |
.P73 1985 |
| 082 00 - DEWEY DECIMAL CLASSIFICATION NUMBER |
| Classification number |
346.0973 |
| Item number |
PRL 1985 |
| 100 1# - MAIN ENTRY--PERSONAL NAME |
| Personal name |
Prahl, Robert J. |
| 9 (RLIN) |
17021 |
| 245 10 - TITLE STATEMENT |
| Title |
Liability claim concepts and practices / |
| Statement of responsibility, etc |
Robert J. Prahl, Stephen M. Utrata ; coordinating editor, Frederick R. Hodosh. |
| 250 ## - EDITION STATEMENT |
| Edition statement |
1st ed. |
| 260 ## - PUBLICATION, DISTRIBUTION, ETC. (IMPRINT) |
| Place of publication, distribution, etc |
Malvern, Pa. : |
| Name of publisher, distributor, etc |
Insurance Institute of America, |
| Date of publication, distribution, etc |
1985. |
| 300 ## - PHYSICAL DESCRIPTION |
| Extent |
xiv, 503 p. : |
| Other physical details |
ill. ; |
| Dimensions |
23 cm. |
| 500 ## - GENERAL NOTE |
| General note |
Includes index. |
|
| General note |
"AIC 32"--Spine. |
| 504 ## - BIBLIOGRAPHY, ETC. NOTE |
| Bibliography, etc |
Bibliography: p. 489-490. |
| 526 ## - STUDY PROGRAM INFORMATION NOTE |
| Program name |
MPRHGD |
| 590 ## - LOCAL NOTE (RLIN) |
| Local note |
Sagar Shahanawaz |
| 650 #0 - SUBJECT ADDED ENTRY--TOPICAL TERM |
| Topical term or geographic name as entry element |
Liability insurance |
| Geographic subdivision |
United States. |
| 9 (RLIN) |
6114 |
|
| Topical term or geographic name as entry element |
Liability insurance claims |
| Geographic subdivision |
United States. |
| 9 (RLIN) |
17022 |
| 700 1# - ADDED ENTRY--PERSONAL NAME |
| Personal name |
Utrata, Stephen M. |
| 9 (RLIN) |
17023 |
|
| Personal name |
Hodosh, Frederick R. |
| 9 (RLIN) |
17024 |
| 856 42 - ELECTRONIC LOCATION AND ACCESS |
| Materials specified |
WorldCat details |
| Uniform Resource Identifier |
https://www.worldcat.org/title/liability-claim-concepts-and-practices/oclc/12674172&referer=brief_results |
| 942 ## - ADDED ENTRY ELEMENTS (KOHA) |
| Source of classification or shelving scheme |
Dewey Decimal Classification |
| Koha item type |
Text |